World Football 2023 - Statistics

General Stats
  • This quiz has been taken 69 times
  • The average score is 22 of 30
Answer Stats
Rank Answer % Correct
3 France
98%
2 Argentina
93%
1 Brazil
93%
5 England
93%
9 Portugal
92%
10 Spain
92%
8 Italy
90%
4 Belgium
89%
6 Netherlands
87%
7 Croatia
84%
14 Germany
84%
20 Japan
84%
13 USA
79%
18 Denmark
77%
15 Mexico
77%
11 Morocco
77%
23 Sweden
75%
16 Uruguay
75%
22 Poland
70%
25 South Korea
70%
27 Australia
69%
17 Columbia
69%
19 Senegal
67%
12 Switzerland
66%
26 Ukraine
54%
29 Serbia
52%
28 Wales
51%
24 Iran
44%
21 Peru
44%
30 Tunisia
34%
No matching quizzes found
Score Distribution
Percent of People with Each Score
Percentile by Number Answered
Your Score History
You have not taken this quiz